Statistics for 2021 Formula 1 Teams

Click here to take the quiz!

General Stats

  • This quiz has been taken 319 times
  • The average score is 10 of 10

Answer Stats

Team% Correct
Mercedes
99%
Ferrari
98%
Red Bull
98%
Haas
97%
McLaren
97%
Williams
97%
Alfa Romeo
94%
AlphaTauri
94%
Alpine
94%
Aston Martin
94%

Score Distribution

Percentile by Number Answered

Percent of People with Each Score

Your Score History

You have not taken this quiz